01302cam a22004094i 4500003000900000005001700009008004100026020001500067035002700082040003300109082002100142100002500163245011100188264005100299300003800350336002100388337002500409338002300434504002800457505021200485526001000697526001000707526001000717526001000727526000800737526000800745526000800753526000800761526000800769526000800777526000800785600001600793650002400809650001700833650002800850650001400878PE-LiUPU20250731172939.0150623s r 000 0 d a0310462002 a(Sirsi) i9780310462002 aPE-LiUPUbspacPE-LiUPUerda04a234.13bD42S2211 aDeere, Jack,eautor.10aSurprised by the voice of God: How God speaks today through prophecies, dreams, and visions /cJack Deere. 1aMichigan :bZondervan Publishing House,c1996. a384 páginas ;c24 centímetros atext2rdacontent aunmediated2rdamedia avolume2rdacarrier aIncluye bibliografía.0 aThe voice of God in the Bible and history.- The language of the holy spirit.- Learning the languaje of the holy spirit.- Why doesn't God speak to me like that.- Who hears his voice.- The word and the spirit. aSEG42 aSEG41 aSEG40 aSEG39 aP94 aP87 aP86 aP85 aP77 aP76 aP351 aDeere, Jack04aDones espirituales.04aProfecías.04aSueñosxCristianismo.04aVisiones.